[Event "CP-2007-S-00004"]
[Site "LSS email"]
[Date "2010.04.06"]
[Round "?"]
[White "Belanoff, Stuart B"]
[Black "Bodaan, Ton"]
[Result "1/2-1/2"]
[WhiteElo "2309"]
[BlackElo "2253"]
[PlyCount "41"]
[EventDate "2010.04.09"]
[EventType "tourn (corr)"]
[EventRounds "6"]
[EventCountry "GER"]
[SourceTitle "Telechess CBM 141"]
[Source "ChessBase"]
[SourceDate "2011.03.17"]
[SourceVersion "1"]
[SourceVersionDate "2011.03.17"]
[SourceQuality "1"]

1. e4 e5 2. Nf3 Nf6 3. Nxe5 d6 4. Nf3 Nxe4 5. Nc3 Nxc3 6. dxc3 Be7 7. Bf4 0-0 8. Qd2 Nd7 9. 0-0-0 Nc5 10. Be3 Re8 11. Bc4 Be6 12. Bxe6 Nxe6 13. h4 Qd7 14. Kb1 a5 15. Qd5 a4 16. a3 c6 17. Qf5 Nf8 18. Qd3 h6 19. Rh3 Ra5 20. Rg3 Ng6 21. c4 1/2-1/2

[Event "CP-2007-S-00004"]
[Site "LSS email"]
[Date "2010.04.06"]
[Round "?"]
[White "Bergmann, Michael"]
[Black "Bodaan, Ton"]
[Result "1-0"]
[WhiteElo "2396"]
[BlackElo "2265"]
[PlyCount "143"]
[EventDate "2010.04.09"]
[EventType "tourn (corr)"]
[EventRounds "6"]
[EventCountry "GER"]
[SourceTitle "Telechess CBM 147"]
[Source "ChessBase"]
[SourceDate "2012.03.16"]
[SourceVersion "1"]
[SourceVersionDate "2012.03.16"]
[SourceQuality "1"]

1. e4 e5 2. Nf3 Nc6 3. Bb5 a6 4. Ba4 Nf6 5. 0-0 Be7 6. Re1 b5 7. Bb3 0-0 8. h3 Bb7 9. d3 d6 10. a3 Qd7 11. Nbd2 Rfe8 12. Nf1 Nd8 13. Ng3 Ne6 14. Ng5 c5 15. Nxe6 fxe6 16. a4 Bc6 17. c3 Reb8 18. axb5 axb5 19. Rxa8 Rxa8 20. Bg5 Bb7 21. Qe2 h6 22. Bxf6 Bxf6 23. Nh5 Qf7 24. f4 exf4 25. Nxf4 d5 26. exd5 exd5 27. d4 Bg5 28. Nd3 c4 29. Ne5 Qf4 30. Bc2 Qd2 31. Bg6 Bf4 32. Bf7+ Kh7 33. Kf2 Rf8 34. Qxd2 Bxd2 35. Re2 Bf4 36. Bg6+ Kg8 37. Nd7 Rd8 38. Nc5 Bc8 39. Be8 b4 40. cxb4 Bg5 41. Bc6 Bf6 42. Ke3 Kf7 43. b5 Rd6 44. g4 h5 45. gxh5 Bxh3 46. Re1 Kg8 47. Ra1 Kh7 48. Ra6 Kh6 49. Bd7 Rxd7 50. Nxd7 Bxd7 51. b6 Bc6 52. Ra7 Bg5+ 53. Kf3 Bf6 54. Rc7 Ba8 55. Rc8 Bb7 56. Rh8+ Kg5 57. Ke3 Kg4 58. Rb8 Bg5+ 59. Kf2 Bc6 60. Rc8 Bb7 61. Rc7 Ba6 62. b7 Bh4+ 63. Ke3 Bg5+ 64. Ke2 c3+ 65. Kd1 Bxb7 66. Rxb7 cxb2 67. Rxb2 Kxh5 68. Ke2 Kg4 69. Rb5 Kf4 70. Rxd5 Bf6 71. Kd3 g5 72. Rd6 1-0

[Event "CP-2007-S-00004"]
[Site "LSS email"]
[Date "2010.04.06"]
[Round "?"]
[White "Bodaan, Ton"]
[Black "Oltean, Dorel"]
[Result "1/2-1/2"]
[WhiteElo "2265"]
[BlackElo "2300"]
[PlyCount "34"]
[EventDate "2010.04.09"]
[EventType "tourn (corr)"]
[EventRounds "6"]
[EventCountry "GER"]
[SourceTitle "Corr 2015"]
[Source "ChessBase"]
[SourceDate "2015.07.17"]
[SourceVersion "1"]
[SourceVersionDate "2015.07.17"]
[SourceQuality "1"]

1. c4 e5 2. g3 Nf6 3. Bg2 d5 4. cxd5 Nxd5 5. Nc3 Nb6 6. Nf3 Nc6 7. 0-0 Be7 8. d3 0-0 9. a3 Be6 10. b4 f6 11. Ne4 Qe8 12. Qc2 Qf7 13. Be3 a6 14. Nc5 Bxc5 15. bxc5 Nd5 16. Rab1 Rab8 17. Bd2 Bg4 1/2-1/2

[Event "CP-2007-S-00004"]
[Site "LSS email"]
[Date "2010.04.06"]
[Round "?"]
[White "Giordano, Michael"]
[Black "Bodaan, Ton"]
[Result "1/2-1/2"]
[WhiteElo "1987"]
[BlackElo "2265"]
[PlyCount "91"]
[EventDate "2010.04.09"]
[EventType "tourn (corr)"]
[EventRounds "6"]
[EventCountry "GER"]
[SourceTitle "Telechess CBM 147"]
[Source "ChessBase"]
[SourceDate "2012.03.16"]
[SourceVersion "1"]
[SourceVersionDate "2012.03.16"]
[SourceQuality "1"]

1. e4 c5 2. Nf3 d6 3. g3 Nc6 4. Bg2 Nf6 5. d3 e6 6. 0-0 Be7 7. Nfd2 0-0 8. f4 b6 9. g4 Bb7 10. Nc3 Ne8 11. a4 Nc7 12. Rf3 f6 13. f5 d5 14. Rh3 Nd4 15. Ne2 Bd6 16. c3 Nxe2+ 17. Qxe2 Qd7 18. exd5 exf5 19. gxf5 Nxd5 20. Bxd5+ Bxd5 21. Qh5 h6 22. Ne4 Bxe4 23. dxe4 Rf7 24. Qg4 Kf8 25. Be3 Rd8 26. Kh1 Qc6 27. Rh4 c4 28. Qe2 Bc7 29. a5 bxa5 30. Bxa7 Bxh2 31. Rxa5 Bc7 32. Ra1 Re7 33. Rg1 Be5 34. Bf2 Rd3 35. Qg4 Rf7 36. Qe2 Qb5 37. Rg2 Rfd7 38. Bg1 Rd1 39. Qg4 Rf1 40. Rh3 Re1 41. Rh4 Rf7 42. Re2 Rd1 43. Rg2 Qd7 44. Rh3 Rb1 45. Qe2 Qb5 46. Rh4 1/2-1/2

[Event "LSS WC-2009-F-00003"]
[Site "LSS email"]
[Date "2009.11.03"]
[Round "?"]
[White "Baumgartner, Ulrich"]
[Black "Bodaan, Ton"]
[Result "1/2-1/2"]
[WhiteElo "2221"]
[BlackElo "2270"]
[PlyCount "91"]
[EventDate "2009.11.08"]
[EventType "tourn (corr)"]
[EventRounds "10"]
[EventCountry "GER"]
[SourceTitle "Telechess CBM 145"]
[Source "Chessbase"]
[SourceDate "2011.11.11"]
[SourceVersion "1"]
[SourceVersionDate "2011.11.11"]
[SourceQuality "1"]

1. d4 d5 2. c4 e6 3. Nf3 Nf6 4. Nc3 c6 5. Bg5 h6 6. Bxf6 Qxf6 7. Qc2 dxc4 8. e3 b5 9. a4 Bb7 10. Ne5 Bd6 11. axb5 cxb5 12. Nxb5 Bxe5 13. dxe5 Qxe5 14. Bxc4 a6 15. Nd4 Bxg2 16. Rg1 Be4 17. Bd3 Bb7 18. Qb3 Bd5 19. Qb4 g5 20. Ke2 a5 21. Bb5+ Nd7 22. Qa4 Rd8 23. Rgc1 Ke7 24. Qxa5 Kf6 25. Qc7 Qxc7 26. Rxc7 Ne5 27. f4 Ng6 28. f5 exf5 29. Ra6+ Ke5 30. Bd3 Ra8 31. Rxa8 Rxa8 32. Nxf5 Kf6 33. Rc5 Be6 34. Nd4 Ne5 35. b4 Ra3 36. Bb1 Ra1 37. Bc2 Rh1 38. Kf2 Rxh2+ 39. Kg1 Rh3 40. b5 Nd7 41. Nxe6 fxe6 42. Rc7 Ke7 43. b6 Kd6 44. Ba4 Nxb6 45. Rc6+ Ke5 46. Rxb6 1/2-1/2

[Event "LSS WC-2009-F-00003"]
[Site "LSS email"]
[Date "2009.11.03"]
[Round "?"]
[White "Bodaan, Ton"]
[Black "Kopasov, Evgeny Aleksandrovi"]
[Result "1/2-1/2"]
[WhiteElo "2263"]
[BlackElo "2253"]
[PlyCount "48"]
[EventDate "2009.11.08"]
[EventType "tourn (corr)"]
[EventRounds "10"]
[EventCountry "GER"]
[SourceTitle "Corr 2013"]
[Source "ChessBase"]
[SourceDate "2012.11.12"]
[SourceVersion "1"]
[SourceVersionDate "2012.11.12"]
[SourceQuality "1"]
[WhiteTeam "US of America"]
[BlackTeam "US of America"]
[WhiteTeamCountry "USA"]
[BlackTeamCountry "USA"]

1. d4 Nf6 2. c4 e6 3. Nc3 Bb4 4. e3 0-0 5. a3 Bxc3+ 6. bxc3 c5 7. Bd3 Nc6 8. Ne2 b6 9. e4 Ne8 10. 0-0 Ba6 11. f4 f5 12. exf5 exf5 13. dxc5 bxc5 14. Be3 d6 15. Ng3 Qd7 16. Qa4 Bb7 17. Rab1 g6 18. Be2 Nf6 19. Bf3 Rac8 20. Rfd1 Qe7 21. Bf2 Ba8 22. Rb2 Qc7 23. Rbd2 Rcd8 24. h3 Rfe8 1/2-1/2

[Event "LSS WC-2009-F-00003"]
[Site "LSS email"]
[Date "2009.11.03"]
[Round "?"]
[White "Bodaan, Ton"]
[Black "Mauro, Lucio"]
[Result "1/2-1/2"]
[WhiteElo "2273"]
[BlackElo "2187"]
[PlyCount "106"]
[EventDate "2009.11.08"]
[EventType "tourn (corr)"]
[EventRounds "10"]
[EventCountry "GER"]
[SourceTitle "Telechess CBM 141"]
[Source "ChessBase"]
[SourceDate "2011.03.17"]
[SourceVersion "1"]
[SourceVersionDate "2011.03.17"]
[SourceQuality "1"]

1. e4 c5 2. Nf3 Nc6 3. d4 cxd4 4. Nxd4 Nf6 5. Nc3 e5 6. Ndb5 d6 7. Bg5 a6 8. Na3 b5 9. Bxf6 gxf6 10. Nd5 f5 11. Bd3 Be6 12. 0-0 Bxd5 13. exd5 Ne7 14. Nxb5 Bg7 15. Nc3 e4 16. Bc4 Ng6 17. Qh5 Bxc3 18. bxc3 Qf6 19. Qh6 Qxc3 20. Bb3 Ke7 21. Rae1 Rhg8 22. Kh1 Qf6 23. f3 Nh4 24. Qxf6+ Kxf6 25. fxe4 Rxg2 26. Rxf5+ Nxf5 27. Kxg2 Nh4+ 28. Kg3 Ng6 29. Rf1+ Ke7 30. Rf5 a5 31. a4 Rc8 32. Rh5 Rh8 33. Kf3 h6 34. Ke3 Ne5 35. Kd2 Nf3+ 36. Kd3 Ne5+ 37. Kc3 Nd7 38. Bc4 Nc5 39. Kd4 Nxa4 40. e5 f6 41. exd6+ Kxd6 42. Rf5 Rf8 43. Be2 Nc5 44. Rf1 Nd7 45. c4 a4 46. Rb1 Rc8 47. Rb7 Nc5 48. Rb6+ Ke7 49. Bg4 a3 50. Bxc8 a2 51. Kxc5 a1Q 52. Ra6 Qc3 53. Be6 Qb3 1/2-1/2

[Event "LSS WC-2009-F-00003"]
[Site "LSS email"]
[Date "2009.11.03"]
[Round "?"]
[White "Bodaan, Ton"]
[Black "Simmelink, Joop Theo"]
[Result "1-0"]
[WhiteElo "2263"]
[BlackElo "2170"]
[PlyCount "135"]
[EventDate "2009.11.08"]
[EventType "tourn (corr)"]
[EventRounds "10"]
[EventCountry "GER"]
[SourceTitle "Telechess CBM 141"]
[Source "ChessBase"]
[SourceDate "2011.03.17"]
[SourceVersion "1"]
[SourceVersionDate "2011.03.17"]
[SourceQuality "1"]

1. e4 e5 2. Nf3 Nc6 3. d4 exd4 4. Nxd4 Nf6 5. Nxc6 bxc6 6. e5 Qe7 7. Qe2 Nd5 8. c4 Nb6 9. Nc3 Qe6 10. Qe4 d5 11. exd6 Bxd6 12. Bd3 f5 13. Qxe6+ Bxe6 14. b3 Kf7 15. Bb2 Nd7 16. Bc2 Rhe8 17. 0-0 g6 18. Rfe1 Nb6 19. Rad1 a5 20. a4 Rab8 21. Ba1 Bb4 22. Re2 Nd7 23. Na2 Ba3 24. Nc1 Nc5 25. Re5 Red8 26. Rxd8 Rxd8 27. Ne2 Bc8 28. Nd4 Ne6 29. Nxe6 Bxe6 30. Bc3 Bb4 31. Bxb4 axb4 32. Kf1 Kf6 33. Re3 Rd2 34. Re2 Rd4 35. Ke1 g5 36. Rd2 c5 37. a5 Bc8 38. Bd1 Re4+ 39. Re2 Rxe2+ 40. Bxe2 Ke5 41. Bf3 Kd6 42. Kd2 Ke5 43. Kd3 Kd6 44. g3 Ke5 45. Bc6 Kd6 46. Be8 Ke7 47. Bh5 Ke6 48. Ke3 Kd6 49. h3 Ke5 50. f4+ gxf4+ 51. gxf4+ Kf6 52. Bf3 Ke6 53. Kf2 Ke7 54. Kg3 Kf6 55. Bc6 Ba6 56. Kh4 Kg6 57. Be8+ Kh6 58. Bd7 Kg6 59. Bc6 Kh6 60. Kg3 Kg6 61. Kf2 Kf6 62. Bb5 Bc8 63. a6 Ke7 64. Kg3 Kf6 65. Kh4 Kg6 66. a7 Bb7 67. Bd7 Ba8 68. Be6 1-0

[Event "LSS WC-2009-F-00003"]
[Site "LSS email"]
[Date "2009.11.03"]
[Round "?"]
[White "Bodaan, Ton"]
[Black "Wosch, Arkadiusz Janusz"]
[Result "1/2-1/2"]
[WhiteElo "2253"]
[BlackElo "2278"]
[PlyCount "54"]
[EventDate "2009.11.08"]
[EventType "tourn (corr)"]
[EventRounds "10"]
[EventCountry "GER"]
[SourceTitle "Telechess CBM 141"]
[Source "ChessBase"]
[SourceDate "2011.03.17"]
[SourceVersion "1"]
[SourceVersionDate "2011.03.17"]
[SourceQuality "1"]

1. c4 Nf6 2. g3 e5 3. Bg2 d5 4. cxd5 Nxd5 5. Nc3 Nb6 6. Nf3 Nc6 7. 0-0 Be7 8. a3 0-0 9. b4 Be6 10. Rb1 f6 11. d3 a5 12. b5 Nd4 13. Nd2 Qc8 14. e3 Nf5 15. Bb2 Rd8 16. Qc2 a4 17. Rfc1 Nd6 18. Nde4 Bb3 19. Qe2 Nf7 20. Nd1 Qd7 21. d4 Rac8 22. Nc5 Bxc5 23. Rxc5 Nd6 24. dxe5 Ndc4 25. Nc3 Nxe5 26. Ne4 Bc4 27. Qh5 Bf7 1/2-1/2

[Event "LSS WC-2009-F-00003"]
[Site "LSS email"]
[Date "2009.11.03"]
[Round "?"]
[White "Neacsu, Catalin"]
[Black "Bodaan, Ton"]
[Result "1/2-1/2"]
[WhiteElo "2234"]
[BlackElo "2266"]
[PlyCount "93"]
[EventDate "2009.11.08"]
[EventType "tourn (corr)"]
[EventRounds "10"]
[EventCountry "GER"]
[SourceTitle "Telechess CBM 141"]
[Source "ChessBase"]
[SourceDate "2011.03.17"]
[SourceVersion "1"]
[SourceVersionDate "2011.03.17"]
[SourceQuality "1"]

1. e4 e5 2. Nf3 Nc6 3. d4 exd4 4. Nxd4 Nf6 5. Nxc6 bxc6 6. e5 Qe7 7. Qe2 Nd5 8. c4 Nb6 9. Nc3 Ba6 10. Qe4 Qe6 11. b3 0-0-0 12. Bb2 Re8 13. f4 f6 14. 0-0-0 fxe5 15. Qxe5 Qxe5 16. fxe5 Rxe5 17. g3 Bc5 18. Nd5 Rg5 19. Nf4 Rf8 20. Kb1 Be3 21. Nh3 Rh5 22. Bg2 g6 23. Rde1 Bc5 24. Nf4 Rg5 25. Nd3 Bd6 26. Rhf1 Rxf1 27. Bxf1 Rh5 28. Re2 Kb7 29. g4 Rh4 30. h3 g5 31. Bf6 Nd5 32. Bxg5 Rxh3 33. Bxh3 Nc3+ 34. Kc2 Nxe2 35. Be3 c5 36. Bg2+ Kb8 37. Be4 Bc8 38. Bxh7 Bf8 39. g5 d6 40. Kd2 Nd4 41. Be4 Bg4 42. b4 Nf3+ 43. Bxf3 Bxf3 44. bxc5 Be4 45. cxd6 Bxd6 46. c5 Bg3 47. Bf2 1/2-1/2

[Event "LSS WC-2012-S-00003"]
[Site "LSS email"]
[Date "2009.07.13"]
[Round "?"]
[White "Bodaan, Ton"]
[Black "Aguilar, Sebastian"]
[Result "1-0"]
[WhiteElo "2267"]
[BlackElo "2043"]
[PlyCount "87"]
[EventDate "2009.07.18"]
[EventType "tourn (corr)"]
[EventRounds "10"]
[EventCountry "GER"]
[SourceTitle "Telechess CBM 141"]
[Source "ChessBase"]
[SourceDate "2011.03.17"]
[SourceVersion "1"]
[SourceVersionDate "2011.03.17"]
[SourceQuality "1"]

1. e4 c5 2. Nf3 Nc6 3. d4 cxd4 4. Nxd4 g6 5. c4 Bg7 6. Be3 Nf6 7. Nc3 0-0 8. Be2 d6 9. 0-0 Bd7 10. Qd2 Nxd4 11. Bxd4 Bc6 12. f3 a5 13. b3 Nd7 14. Be3 Nc5 15. Rab1 Qb6 16. Rfc1 Rfc8 17. Nd5 Qd8 18. Bg5 Bxd5 19. cxd5 Qb6 20. Be3 Qb4 21. Kf1 Rc7 22. g3 Rac8 23. Kg2 b6 24. Rc2 Na6 25. Qxb4 Nxb4 26. Rxc7 Rxc7 27. a4 Rc2 28. Kf1 Na2 29. Bxb6 Nc3 30. Re1 Rb2 31. Bxa5 Rxb3 32. Rc1 Bf6 33. Bxc3 Bxc3 34. f4 Kg7 35. Kg2 Ra3 36. Rc2 Ba5 37. Bb5 Re3 38. Re2 Rxe2+ 39. Bxe2 Kf6 40. Kf3 e5 41. dxe6 fxe6 42. Ke3 e5 43. Kd3 exf4 44. gxf4 1-0

[Event "LSS WC-2012-S-00003"]
[Site "LSS email"]
[Date "2009.07.13"]
[Round "?"]
[White "Cloodt, Henrik"]
[Black "Bodaan, Ton"]
[Result "1/2-1/2"]
[WhiteElo "2293"]
[BlackElo "2275"]
[PlyCount "54"]
[EventDate "2009.07.18"]
[EventType "tourn (corr)"]
[EventRounds "10"]
[EventCountry "GER"]
[SourceTitle "Corr 2013"]
[Source "ChessBase"]
[SourceDate "2012.11.12"]
[SourceVersion "1"]
[SourceVersionDate "2012.11.12"]
[SourceQuality "1"]
[WhiteTeam "US of America"]
[BlackTeam "US of America"]
[WhiteTeamCountry "USA"]
[BlackTeamCountry "USA"]

1. e4 e5 2. Nf3 Nc6 3. Bb5 a6 4. Ba4 Nf6 5. 0-0 Be7 6. Re1 b5 7. Bb3 0-0 8. a4 b4 9. d3 d6 10. Nbd2 Na5 11. Ba2 Be6 12. Bxe6 fxe6 13. d4 exd4 14. Nxd4 Qd7 15. Qe2 c5 16. N4f3 Nh5 17. Nc4 Nxc4 18. Qxc4 d5 19. Qd3 c4 20. Qe2 Bd6 21. Be3 h6 22. Rad1 Rac8 23. e5 Bc5 24. Bxc5 Rxc5 25. g3 g6 26. Nd4 Kh7 27. Qd2 a5 1/2-1/2

[Event "Delft Prinsenstad op-B"]
[Site "Delft"]
[Date "2009.01.04"]
[Round "6"]
[White "Bodaan, Ton"]
[Black "Merza, Morris"]
[Result "1/2-1/2"]
[WhiteElo "1857"]
[BlackElo "1989"]
[PlyCount "60"]
[EventDate "2009.01.02"]
[EventType "swiss"]
[EventRounds "6"]
[EventCountry "NED"]
[SourceTitle "EXT 2011"]
[Source "ChessBase"]
[SourceDate "2010.11.26"]
[SourceVersion "1"]
[SourceVersionDate "2010.11.26"]
[SourceQuality "1"]

1. c4 Nf6 2. Nc3 c6 3. Nf3 d5 4. d4 dxc4 5. e3 b5 6. a4 b4 7. Nb1 e6 8. Bxc4 a5 9. 0-0 Be7 10. Qe2 0-0 11. e4 Ba6 12. Bxa6 Nxa6 13. Nbd2 c5 14. e5 Nd5 15. Ne4 Qb6 16. dxc5 Nxc5 17. Be3 Qa6 18. Qxa6 Nxa6 19. Bg5 f6 20. Bh4 Kf7 21. exf6 gxf6 22. Bg3 Rac8 23. Rac1 e5 24. Nh4 Ke6 25. f4 f5 26. Ng5+ Bxg5 27. fxg5 f4 28. Bf2 Rg8 29. Nf3 Nb8 30. Rce1 Nc6 1/2-1/2

[Event "LSS WC-2011-S-00003"]
[Site "LSS email"]
[Date "2008.10.23"]
[Round "?"]
[White "Bodaan, Ton"]
[Black "Muller, Henri Louis"]
[Result "1-0"]
[WhiteElo "2283"]
[BlackElo "2025"]
[PlyCount "147"]
[EventDate "2008.10.23"]
[EventType "tourn (corr)"]
[EventRounds "10"]
[EventCountry "GER"]
[SourceTitle "Corr 2011"]
[Source "ChessBase"]
[SourceDate "2010.08.31"]
[SourceVersion "1"]
[SourceVersionDate "2010.08.31"]
[SourceQuality "1"]

1. e4 c5 2. Nf3 d6 3. d4 cxd4 4. Nxd4 Nf6 5. Nc3 a6 6. Be3 e5 7. Nb3 Be6 8. Qd2 Nbd7 9. 0-0-0 Be7 10. f3 0-0 11. g4 b5 12. g5 Nh5 13. Nd5 Bxd5 14. exd5 f5 15. Rg1 f4 16. Bf2 Bxg5 17. Bh3 Be7 18. Na5 Qe8 19. Qc3 Nhf6 20. Qc6 Kh8 21. Kb1 Qb8 22. Bxd7 Qd8 23. Be6 Qxa5 24. Bb6 Qb4 25. Rd3 Rfb8 26. Bc7 Re8 27. Rgd1 e4 28. Rd4 Qc5 29. Bb6 Qxc6 30. dxc6 e3 31. c7 Bf8 32. Bf5 Kg8 33. Rg1 g6 34. Bh3 d5 35. Rxf4 Nh5 36. Rd4 Bg7 37. Rh4 e2 38. Ba5 Nf6 39. Re1 Kf7 40. Bd2 Bf8 41. c8Q Raxc8 42. Bxc8 Rxc8 43. Rxe2 Rc4 44. Rxc4 dxc4 45. b3 cxb3 46. cxb3 Nd5 47. Kc2 Be7 48. Kd3 Bf6 49. Re1 Bb2 50. Rb1 Be5 51. Rc1 Bxh2 52. Rh1 Bc7 53. Rxh7+ Ke6 54. Rh8 Bd6 55. Rg8 Kf5 56. Kd4 Nc7 57. Ba5 Ne6+ 58. Kd5 Bf8 59. Kc6 g5 60. Kb6 b4 61. Kxa6 Kf4 62. Kb5 Kxf3 63. Rg6 Nd4+ 64. Ka4 Kg4 65. Bxb4 Kf5 66. Rxg5+ Kxg5 67. Bxf8 Kf6 68. Kb4 Ke6 69. Kc5 Nc2 70. a4 Kd7 71. Kb6 Kc8 72. Bd6 Kd7 73. Bh2 Nb4 74. a5 1-0

[Event "IECG WC Cand email"]
[Site "IECG email"]
[Date "2008.02.15"]
[Round "?"]
[White "Vio, Mauro"]
[Black "Bodaan, Ton"]
[Result "0-1"]
[WhiteElo "1504"]
[BlackElo "2210"]
[PlyCount "50"]
[EventDate "2008.02.15"]
[EventType "tourn (corr)"]
[EventRounds "6"]
[SourceTitle "Corr 2011"]
[Source "ChessBase"]
[SourceDate "2010.08.31"]
[SourceVersion "1"]
[SourceVersionDate "2010.08.31"]
[SourceQuality "1"]

1. d4 d5 2. Nf3 Nf6 3. e3 e6 4. Bd3 b6 5. 0-0 Bb7 6. Ne5 g6 7. Qf3 Bg7 8. b3 0-0 9. Ba3 c5 10. dxc5 Ne4 11. c6 Bc8 12. Bxf8 Bxe5 13. c3 Kxf8 14. Qh3 Kg7 15. f3 Nc5 16. Bc2 Nxc6 17. f4 Bf6 18. Qf3 Bb7 19. Rd1 Qe7 20. a3 Rd8 21. Qe2 e5 22. b4 exf4 23. bxc5 Qxc5 24. Ra2 Qxe3+ 25. Qxe3 fxe3 0-1

[Event "LSS WC-2010-S-00014"]
[Site "LSS email"]
[Date "2007.12.15"]
[Round "?"]
[White "Bodaan, Ton"]
[Black "Ribeiro, Vitor Manuel"]
[Result "1/2-1/2"]
[WhiteElo "2195"]
[BlackElo "2132"]
[PlyCount "41"]
[EventDate "2007.12.15"]
[EventType "tourn (corr)"]
[EventRounds "10"]
[EventCountry "GER"]
[SourceTitle "Corr 2011"]
[Source "ChessBase"]
[SourceDate "2010.08.31"]
[SourceVersion "1"]
[SourceVersionDate "2010.08.31"]
[SourceQuality "1"]

1. e4 d6 2. d4 Nf6 3. Nc3 g6 4. Nf3 Bg7 5. Be2 0-0 6. 0-0 c6 7. Re1 Nbd7 8. Bf4 Qa5 9. h3 e5 10. dxe5 dxe5 11. Bh2 Qc5 12. a4 a5 13. Qd2 Re8 14. Rad1 Nh5 15. Qe3 Qb4 16. Ng5 h6 17. Bxh5 hxg5 18. Be2 Qxb2 19. Bg4 Nf8 20. Rb1 Qa3 21. Bxc8 1/2-1/2

[Event "LSS WC-2010-S-00014"]
[Site "LSS email"]
[Date "2007.12.15"]
[Round "?"]
[White "Krueger, Hilmar"]
[Black "Bodaan, Ton"]
[Result "0-1"]
[WhiteElo "2206"]
[BlackElo "2195"]
[PlyCount "102"]
[EventDate "2007.12.15"]
[EventType "tourn (corr)"]
[EventRounds "10"]
[EventCountry "GER"]
[SourceTitle "Corr 2011"]
[Source "ChessBase"]
[SourceDate "2010.08.31"]
[SourceVersion "1"]
[SourceVersionDate "2010.08.31"]
[SourceQuality "1"]

1. e4 e5 2. Nf3 Nc6 3. Bc4 Nf6 4. Ng5 d5 5. exd5 Na5 6. Bb5+ c6 7. dxc6 bxc6 8. Be2 h6 9. Nh3 Bd6 10. d3 0-0 11. 0-0 Bc7 12. Nd2 Bxh3 13. gxh3 Qd6 14. Re1 e4 15. Nf1 Rad8 16. Ng3 Nc4 17. d4 Nb6 18. c3 Rfe8 19. Qc2 Nbd5 20. Bf1 Ne7 21. Qa4 Ng6 22. Qxa7 Nh4 23. Re2 Nd5 24. c4 Nb4 25. c5 Qd7 26. Qa4 Nf3+ 27. Kh1 Nd3 28. Be3 h5 29. Bg2 h4 30. Nf1 Qe6 31. Rd1 f5 32. Qc2 Nxd4 33. Bxd4 Rxd4 34. Kg1 Red8 35. Qb3 R8d5 36. Red2 Nxc5 37. Qc2 Rxd2 38. Rxd2 f4 39. Rxd5 Qxd5 40. Nd2 f3 41. Nxe4 Qxe4 42. Qxe4 Nxe4 43. Bxf3 Ng5 44. Bxc6 Nxh3+ 45. Kg2 Nf4+ 46. Kf3 Nd3 47. Bd5+ Kf8 48. Kg4 Bd8 49. f4 Nxb2 50. Bb3 Bf6 51. a4 Ke7 0-1

[Event "LSS CP-2003-F-00001"]
[Site "LSS email"]
[Date "2007.07.01"]
[Round "?"]
[White "Bodaan, Ton"]
[Black "Daus, Peter"]
[Result "1-0"]
[WhiteElo "2271"]
[BlackElo "2414"]
[PlyCount "141"]
[EventDate "2007.07.01"]
[EventType "tourn (corr)"]
[EventRounds "14"]
[EventCountry "GER"]
[SourceTitle "Corr 2011"]
[Source "ChessBase"]
[SourceDate "2010.08.31"]
[SourceVersion "1"]
[SourceVersionDate "2010.08.31"]
[SourceQuality "1"]

1. e4 e5 2. Nf3 d6 3. d4 exd4 4. Nxd4 Nf6 5. Nc3 Be7 6. g3 d5 7. e5 Ng4 8. Bg2 0-0 9. 0-0 Nxe5 10. Re1 Nbc6 11. Bf4 Bd6 12. Nxc6 Nxc6 13. Bxd6 cxd6 14. Qxd5 Be6 15. Qb5 Rb8 16. Rad1 a6 17. Qd3 Qb6 18. b3 Bg4 19. Rd2 Qa5 20. Nd5 Rbd8 21. Qc3 Qc5 22. Qe3 h6 23. b4 Qxe3 24. Nxe3 Be6 25. a3 Rd7 26. Nd5 Bxd5 27. Rxd5 Ne7 28. Rd4 Rfd8 29. c4 f5 30. Red1 Kf7 31. f4 Ke6 32. Re1+ Kf6 33. Kf2 d5 34. Red1 Ke6 35. Ke3 b6 36. Bf1 g5 37. Kf2 Kf6 38. fxg5+ hxg5 39. h3 Ke5 40. Bg2 Rc8 41. cxd5 Rc2+ 42. R4d2 Rxd2+ 43. Rxd2 a5 44. Re2+ Kd4 45. d6 Ng6 46. Rd2+ Ke5 47. bxa5 bxa5 48. Rd5+ Ke6 49. Rxa5 Rxd6 50. Bb7 Rd2+ 51. Ke3 Rd8 52. Ra8 Rd6 53. Bc8+ Kf6 54. Ra6 Rxa6 55. Bxa6 f4+ 56. gxf4 Nxf4 57. Bf1 Ke5 58. Kf3 Nd5 59. a4 Nb6 60. a5 Nc8 61. Ba6 Na7 62. Bb7 Kf5 63. a6 Nb5 64. Ke3 Ke5 65. Kd3 Nc7 66. a7 Kd6 67. Kc4 Kd7 68. Kc5 Ne6+ 69. Kb6 Nc7 70. Bc6+ Kd6 71. Kb7 1-0

[Event "LSS CP-2003-F-00001"]
[Site "LSS email"]
[Date "2007.07.01"]
[Round "?"]
[White "Bodaan, Ton"]
[Black "Hnatovsky, Nicholas"]
[Result "1/2-1/2"]
[WhiteElo "2275"]
[BlackElo "2260"]
[PlyCount "102"]
[EventDate "2007.07.01"]
[EventType "tourn (corr)"]
[EventRounds "14"]
[EventCountry "GER"]
[SourceTitle "Corr 2015"]
[Source "ChessBase"]
[SourceDate "2015.07.17"]
[SourceVersion "1"]
[SourceVersionDate "2015.07.17"]
[SourceQuality "1"]

1. e4 c5 2. Nf3 d6 3. d4 cxd4 4. Nxd4 Nf6 5. Nc3 g6 6. Be3 Bg7 7. f3 0-0 8. Qd2 Nc6 9. Bc4 Bd7 10. 0-0-0 Ne5 11. Bb3 Rc8 12. Kb1 Re8 13. h4 h5 14. Bh6 Qa5 15. Bxg7 Kxg7 16. Rhe1 Rc5 17. f4 Neg4 18. Bxf7 Kxf7 19. Nb3 Qb6 20. Nxc5 Qxc5 21. e5 Nh7 22. exd6 Bc6 23. Ne4 Bxe4 24. Rxe4 Nhf6 25. Rxe7+ Rxe7 26. dxe7 Ne3 27. e8Q+ Kxe8 28. Re1 Nfg4 29. a3 Kf7 30. g3 b6 31. Qd3 Kf6 32. Re2 Kf7 33. b3 a5 34. Kb2 Nd5 35. f5 gxf5 36. Qxf5+ Ngf6 37. Qd3 b5 38. Re5 Kg7 39. Rg5+ Kf7 40. Rf5 Ke6 41. c4 bxc4 42. bxc4 Qb6+ 43. Ka1 Ne7 44. Rb5 Qa7 45. c5 Ned5 46. Qe2+ Kf5 47. Qf2+ Ke6 48. Qe1+ Kf5 49. Qf1+ Ke5 50. Qe2+ Kf5 51. Qf3+ Ke5 1/2-1/2

[Event "LSS CP-2003-F-00001"]
[Site "LSS email"]
[Date "2007.07.01"]
[Round "?"]
[White "Bodaan, Ton"]
[Black "Wosch, Arkadiusz Janusz"]
[Result "1-0"]
[WhiteElo "2275"]
[BlackElo "2247"]
[PlyCount "119"]
[EventDate "2007.07.01"]
[EventType "tourn (corr)"]
[EventRounds "14"]
[EventCountry "GER"]
[SourceTitle "Corr 2015"]
[Source "ChessBase"]
[SourceDate "2015.07.17"]
[SourceVersion "1"]
[SourceVersionDate "2015.07.17"]
[SourceQuality "1"]

1. d4 Nf6 2. Nf3 g6 3. c4 Bg7 4. g3 0-0 5. Bg2 d6 6. 0-0 Nbd7 7. Nc3 e5 8. h3 Re8 9. e4 exd4 10. Nxd4 Nc5 11. Re1 a5 12. Rb1 c6 13. b3 h6 14. Re2 Bd7 15. Bf4 Bf8 16. g4 Nh7 17. Nf3 Qf6 18. Qd2 Rad8 19. Rd1 Bc8 20. Qc1 Ne6 21. Be3 Bg7 22. Rc2 Nhg5 23. Nxg5 hxg5 24. Qa3 Nf4 25. Qxa5 Qe7 26. Bb6 Rd7 27. Rcd2 Be5 28. Bd4 Bxd4 29. Rxd4 Kg7 30. Kf1 Rh8 31. Ne2 c5 32. R4d2 Nxg2 33. Kxg2 Qxe4+ 34. f3 Qe7 35. Qc3+ f6 36. Ng3 b6 37. Re2 Qd8 38. Ne4 Re8 39. Red2 Rxe4 40. fxe4 Bb7 41. Kg1 Bxe4 42. Qg3 d5 43. cxd5 Rd6 44. Qc3 Kf7 45. a4 Qe7 46. a5 bxa5 47. Qxc5 f5 48. Rc1 Qe5 49. Qc7+ Kf6 50. Rc3 Bxd5 51. Rd1 Qe7 52. Qxe7+ Kxe7 53. Rcd3 Ke6 54. R1d2 Ke5 55. Kf2 Ke6 56. Kg3 Ke5 57. gxf5 gxf5 58. Re2+ Be4 59. Rxd6 Kxd6 60. Ra2 1-0